[Event "Mosquera op"]
[Site "Mosquera"]
[Date "2014.11.02"]
[Round "7"]
[White "Bermudez Barrera, Eduardo"]
[Black "Arango Arenas, Juan Camilo"]
[Result "0-1"]
[WhiteElo "2031"]
[BlackElo "2203"]
[PlyCount "110"]
[EventDate "2014.10.30"]
[EventType "swiss"]
[EventRounds "9"]
[EventCountry "COL"]
[SourceTitle "EXT 2015"]
[Source "ChessBase"]
[SourceDate "2014.11.20"]
[SourceVersion "1"]
[SourceVersionDate "2014.11.20"]
[SourceQuality "1"]

1. d4 Nf6 2. Bg5 e6 3. c3 h6 4. Bf4 c5 5. e3 b6 6. Be2 Bb7 7. Bf3 Bxf3 8. Qxf3 d5 9. Nd2 Nc6 10. h3 Be7 11. Ne2 Rc8 12. a4 Qd7 13. g4 cxd4 14. exd4 Na5 15. Ng3 Nc4 16. Nxc4 Rxc4 17. b3 Rc6 18. 0-0 0-0 19. Rac1 Rfc8 20. Rfe1 Nh7 21. Kg2 Nf8 22. Bd2 Ng6 23. Kh2 Qc7 24. Kh1 Bg5 25. Bxg5 hxg5 26. Re3 e5 27. Nf5 e4 28. Qd1 Nf4 29. Rc2 g6 30. Ng3 Kg7 31. f3 Rh8 32. fxe4 Rxh3+ 33. Kg1 dxe4 34. d5 Rxg3+ 35. Rxg3 Ne2+ 36. Qxe2 Qxg3+ 37. Qg2 Qe3+ 38. Qf2 Rxc3 39. Qxe3 Rxe3 40. Rc7 a5 41. d6 Rxb3 42. d7 Rd3 43. Kf2 Kf6 44. Rb7 Ke6 45. Rxb6+ Kxd7 46. Rb5 Rf3+ 47. Kg2 Rf4 48. Rxa5 Rxg4+ 49. Kf2 Kd6 50. Ra7 f5 51. Ra6+ Ke5 52. Rxg6 Kf4 53. a5 e3+ 54. Kf1 Kf3 55. Re6 Ra4 0-1

[Event "Dos Hermanas Internet qual-C 10th"]
[Site "ICC INT"]
[Date "2009.03.14"]
[Round "12"]
[White "Bermudez Barrera, Eduardo"]
[Black "Bauza, Alejandro"]
[Result "0-1"]
[WhiteElo "2099"]
[BlackElo "2205"]
[PlyCount "72"]
[EventDate "2009.03.14"]
[EventType "swiss (blitz)"]
[EventRounds "12"]
[EventCountry "ESP"]
[SourceTitle "CBM 129 Extra"]
[Source "ChessBase"]
[SourceDate "2009.05.05"]
[SourceVersion "2"]
[SourceVersionDate "2009.05.20"]
[SourceQuality "1"]

1. d4 Nf6 2. Bg5 e6 3. Nf3 b6 4. e3 Bb7 5. Be2 Be7 6. c4 c5 7. 0-0 0-0 8. Nc3 cxd4 9. exd4 d5 10. cxd5 Nxd5 11. Bxe7 Qxe7 12. Rc1 Nxc3 13. bxc3 Nc6 14. Bd3 Rad8 15. Re1 h6 16. Bb1 Qf6 17. Qc2 g6 18. Ne5 Nxe5 19. Rxe5 Rc8 20. Qd2 Kg7 21. Re3 Rfd8 22. Rh3 h5 23. Re1 e5 24. Rd3 exd4 25. cxd4 Rd7 26. h3 Rcd8 27. Ra3 Rxd4 28. Qe3 a5 29. Rb3 R8d6 30. Bc2 Re6 31. Qc1 Rxe1+ 32. Qxe1 Qg5 33. f3 Rd2 34. Qf1 Qc5+ 35. Kh2 Qxc2 36. Rxb6 Qc7+ 0-1

[Event "Dos Hermanas Internet qual-D 10th"]
[Site "ICC INT"]
[Date "2009.03.14"]
[Round "12"]
[White "Hogg, Dean"]
[Black "Bermudez Barrera, Eduardo"]
[Result "1-0"]
[WhiteElo "2115"]
[BlackElo "2099"]
[PlyCount "69"]
[EventDate "2009.03.14"]
[EventType "swiss (blitz)"]
[EventRounds "12"]
[EventCountry "ESP"]
[SourceTitle "EXT 2010"]
[Source "ChessBase"]
[SourceDate "2010.11.25"]
[SourceVersion "1"]
[SourceVersionDate "2010.11.25"]
[SourceQuality "1"]

1. d4 d6 2. c4 e5 3. Nf3 e4 4. Nfd2 f5 5. Nb3 Nf6 6. Bg5 Be7 7. e3 0-0 8. Be2 Be6 9. Nc3 Kh8 10. 0-0 Nbd7 11. Rc1 Qe8 12. d5 Bf7 13. Nd4 g6 14. Ncb5 Qd8 15. f4 a6 16. Nc3 Kg7 17. g4 h6 18. Bxf6+ Bxf6 19. gxf5 gxf5 20. Nxf5+ Kh7 21. Kh1 Qe8 22. Rg1 a5 23. Rg2 Nc5 24. Qg1 Rg8 25. Rg3 Rxg3 26. Qxg3 Qg8 27. Qh3 Qf8 28. Rg1 Nd3 29. Nxe4 Bg6 30. Bxd3 Bxb2 31. Ng5+ Kg8 32. Nxh6+ Kg7 33. Nf5+ Bxf5 34. Bxf5 Qf6 35. Nh7+ 1-0

[Event "Dos Hermanas Internet qual-C 10th"]
[Site "ICC INT"]
[Date "2009.03.14"]
[Round "10"]
[White "Wallin, Aleksi"]
[Black "Bermudez Barrera, Eduardo"]
[Result "0-1"]
[WhiteElo "1969"]
[BlackElo "2099"]
[PlyCount "90"]
[EventDate "2009.03.14"]
[EventType "swiss (blitz)"]
[EventRounds "12"]
[EventCountry "ESP"]
[SourceTitle "CBM 129 Extra"]
[Source "ChessBase"]
[SourceDate "2009.05.05"]
[SourceVersion "2"]
[SourceVersionDate "2009.05.20"]
[SourceQuality "1"]

1. e4 Nf6 2. e5 Nd5 3. Nc3 Nb6 4. d4 d6 5. Nf3 Bg4 6. Be2 e6 7. Bg5 Be7 8. Bxe7 Qxe7 9. 0-0 0-0 10. Ne4 dxe5 11. Nxe5 Bxe2 12. Qxe2 N8d7 13. f4 c5 14. Rad1 cxd4 15. Rxd4 Nc5 16. Rfd1 Nd5 17. Qf2 Nxe4 18. Rxe4 Rac8 19. f5 Nf6 20. Red4 exf5 21. Qxf5 Qc5 22. Qf4 Qxc2 23. R4d2 Qc5+ 24. Qd4 Qxd4+ 25. Rxd4 Rc2 26. R4d2 Rxd2 27. Rxd2 Rb8 28. Nd7 Nxd7 29. Rxd7 Kf8 30. Kf2 a5 31. Kf3 b5 32. b3 a4 33. Ra7 axb3 34. axb3 g6 35. Kf4 Kg7 36. h4 Rd8 37. Rb7 Rd4+ 38. Ke5 Rb4 39. h5 gxh5 40. Kf5 Rxb3 41. Kg5 Rb2 42. Kxh5 b4 43. g4 b3 44. g5 Rb1 45. Kg4 b2 0-1

[Event "Dos Hermanas Internet qual-A 10th"]
[Site "ICC INT"]
[Date "2009.03.13"]
[Round "8"]
[White "Bermudez Barrera, Eduardo"]
[Black "Gattass, Allan Arriada"]
[Result "1-0"]
[WhiteElo "2099"]
[BlackElo "2223"]
[PlyCount "73"]
[EventDate "2009.03.13"]
[EventType "swiss (blitz)"]
[EventRounds "12"]
[EventCountry "ESP"]
[SourceTitle "CBM 129 Extra"]
[Source "ChessBase"]
[SourceDate "2009.05.05"]
[SourceVersion "2"]
[SourceVersionDate "2009.05.20"]
[SourceQuality "1"]

1. g3 d5 2. Bg2 c6 3. d3 Nf6 4. Nd2 e6 5. e4 Be7 6. Ngf3 0-0 7. 0-0 Nbd7 8. e5 Ne8 9. Re1 f5 10. exf6 Rxf6 11. Nf1 h6 12. Bf4 Bd6 13. Bxd6 Nxd6 14. Ne5 Nxe5 15. Rxe5 Nf7 16. Re1 e5 17. Nd2 Qd6 18. Nf3 Bg4 19. h3 Bxf3 20. Bxf3 Rf8 21. Rf1 Ng5 22. Bg2 Ne6 23. Qe2 Nd4 24. Qd2 e4 25. dxe4 dxe4 26. Rad1 Rd8 27. Qe3 Qe7 28. Rxd4 Rdf8 29. Rxe4 Qd6 30. Re7 a6 31. Rxb7 Re6 32. Qc3 Ref6 33. Qc4+ Kh8 34. Qe2 Qc5 35. Qe7 R6f7 36. Qxc5 Rxb7 37. Qxf8+ 1-0

[Event "Dos Hermanas Internet qual-A 10th"]
[Site "ICC INT"]
[Date "2009.03.13"]
[Round "11"]
[White "Von Herman, Ulf"]
[Black "Bermudez Barrera, Eduardo"]
[Result "1-0"]
[WhiteElo "2378"]
[BlackElo "2099"]
[PlyCount "119"]
[EventDate "2009.03.13"]
[EventType "swiss (blitz)"]
[EventRounds "12"]
[EventCountry "ESP"]
[SourceTitle "CBM 129 Extra"]
[Source "ChessBase"]
[SourceDate "2009.05.05"]
[SourceVersion "2"]
[SourceVersionDate "2009.05.20"]
[SourceQuality "1"]

1. d4 d6 2. c4 e5 3. Nc3 exd4 4. Qxd4 Nf6 5. Bg5 Be7 6. e3 0-0 7. Nf3 Nc6 8. Qd2 h6 9. Bh4 Ne4 10. Bxe7 Qxe7 11. Nxe4 Qxe4 12. Bd3 Qg4 13. 0-0 Ne5 14. Nd4 Nxd3 15. Qxd3 a6 16. f3 Qh5 17. e4 Bd7 18. Rae1 Rae8 19. Ne2 Qc5+ 20. Kh1 Be6 21. b3 f5 22. Ng3 fxe4 23. Rxe4 Bd7 24. Rfe1 Rxe4 25. Rxe4 Qa3 26. Qd2 Qc5 27. Re7 Rf7 28. Ne4 Qf5 29. Rxf7 Qxf7 30. Kg1 Bc6 31. Ng3 Qf6 32. Kf2 b6 33. Ne2 Qe5 34. Qe3 Qxe3+ 35. Kxe3 Kf7 36. g3 Kf6 37. h4 g5 38. hxg5+ Kxg5 39. Nd4 Bd7 40. g4 h5 41. gxh5 Kxh5 42. Kf4 Kg6 43. Ke4 Kf6 44. f4 Be8 45. Ne2 Bc6+ 46. Kd4 Kf5 47. Ke3 Bd7 48. Nc3 Bc6 49. b4 Kg4 50. a4 Kf5 51. b5 axb5 52. axb5 Bb7 53. Ne2 c6 54. bxc6 Bc8 55. Nd4+ Kf6 56. Nb5 Ke6 57. Kd4 Ba6 58. Nc7+ Kf5 59. Nxa6 Kxf4 60. c7 1-0

[Event "American Continental 04th"]
[Site "Cali"]
[Date "2007.07.13"]
[Round "4"]
[White "Guerrero, Hebert"]
[Black "Bermudez Barrera, Eduardo"]
[Result "0-1"]
[WhiteElo "2041"]
[BlackElo "2138"]
[PlyCount "64"]
[EventDate "2007.07.10"]
[EventType "swiss"]
[EventRounds "11"]
[EventCountry "COL"]
[SourceTitle "CBM 119 Extra"]
[Source "ChessBase"]
[SourceDate "2007.09.04"]
[SourceVersion "1"]
[SourceVersionDate "2007.09.04"]
[SourceQuality "1"]

1. e4 c5 2. Nf3 Nf6 3. d4 Nxe4 4. Bd3 Nf6 5. dxc5 Qa5+ 6. Nc3 Qxc5 7. 0-0 a6 8. Bg5 d6 9. h3 Nbd7 10. Be3 Qc7 11. Re1 e6 12. Nd4 Be7 13. Nce2 0-0 14. Ng3 Ne5 15. Bf1 b5 16. b3 Bb7 17. a4 b4 18. f4 Ned7 19. Rc1 Nd5 20. Kh1 Nxe3 21. Rxe3 Rac8 22. Rd3 Nf6 23. Be2 Nd5 24. Qd2 Nc3 25. Bg4 Bd5 26. f5 e5 27. Nde2 Nxe2 28. Nxe2 Be4 29. f6 Bxf6 30. Bxc8 Qxc8 31. Rxd6 Qxh3+ 32. Kg1 Qxg2# 0-1

[Event "Bogota Sub zt 2.3.4"]
[Site "Bogota"]
[Date "2006.12.20"]
[Round "5"]
[White "Castro Rojas, Oscar Humberto"]
[Black "Bermudez Barrera, Eduardo"]
[Result "1/2-1/2"]
[WhiteElo "2383"]
[BlackElo "2162"]
[PlyCount "90"]
[EventDate "2006.12.18"]
[EventType "swiss"]
[EventRounds "9"]
[EventCountry "COL"]
[SourceTitle "CBM 116 Extra"]
[Source "ChessBase"]
[SourceDate "2007.03.07"]
[SourceVersion "1"]
[SourceVersionDate "2007.03.07"]
[SourceQuality "1"]

1. d4 d6 2. e4 g6 3. Nc3 Bg7 4. Be3 c6 5. f4 Qa5 6. Nf3 Nf6 7. Bd3 0-0 8. h3 Na6 9. 0-0 Bd7 10. e5 Nd5 11. Nxd5 cxd5 12. Bd2 Qb6 13. a4 Rac8 14. Qe1 Qd8 15. g4 dxe5 16. fxe5 Nc7 17. Qh4 Ne6 18. a5 a6 19. Bb4 f6 20. Rf2 Nf4 21. Bf1 g5 22. Qg3 Be8 23. Rc1 Bg6 24. Bd2 Rxc2 25. Rxc2 Bxc2 26. exf6 Bxf6 27. Nxg5 Bxg5 28. Bxf4 Bxf4 29. Rxf4 Rxf4 30. Qxf4 Qxa5 31. Qg5+ Kf7 32. Qf4+ Kg6 33. Qe5 Be4 34. Qe6+ Kg7 35. Qxe7+ Kg6 36. Qxb7 Qd2 37. Qxa6+ Kg5 38. Qe2 Qxd4+ 39. Qf2 Qe5 40. b4 h5 41. Qe3+ Kh4 42. Qf2+ Kg5 43. h4+ Kxg4 44. Be2+ Kh3 45. Bf1+ Kg4 1/2-1/2

[Event "Bogota Sub zt 2.3.4"]
[Site "Bogota"]
[Date "2006.12.18"]
[Round "1"]
[White "Bermudez Barrera, Eduardo"]
[Black "Marin, Sebastian"]
[Result "0-1"]
[WhiteElo "2162"]
[BlackElo "2339"]
[PlyCount "144"]
[EventDate "2006.12.18"]
[EventType "swiss"]
[EventRounds "9"]
[EventCountry "COL"]
[SourceTitle "CBM 116 Extra"]
[Source "ChessBase"]
[SourceDate "2007.03.07"]
[SourceVersion "1"]
[SourceVersionDate "2007.03.07"]
[SourceQuality "1"]

1. g3 d5 2. Bg2 Nf6 3. c4 c6 4. cxd5 cxd5 5. d4 Nc6 6. Nc3 Bf5 7. Nf3 e6 8. Nh4 Be4 9. f3 Bg6 10. Nxg6 hxg6 11. e3 a6 12. Bd2 Bd6 13. f4 b5 14. Rc1 Rc8 15. Qe2 Qb6 16. Bf3 Na5 17. Kf2 Rc4 18. Kg2 0-0 19. Nb1 Rfc8 20. b3 R4c7 21. Rxc7 Rxc7 22. Rc1 Nc6 23. h4 Kf8 24. g4 a5 25. g5 Nd7 26. h5 gxh5 27. Bxh5 g6 28. Bf3 Ra7 29. Kg3 Kg8 30. Nc3 Rb7 31. Rh1 Bf8 32. Qh2 Bg7 33. Be2 Nxd4 34. exd4 Qxd4 35. Nb1 Nc5 36. Bf3 e5 37. Qf2 Qxf2+ 38. Kxf2 e4 39. Be2 b4 40. Rc1 Rc7 41. Ke1 d4 42. Kd1 d3 43. Bg4 Na6 44. a3 Rxc1+ 45. Kxc1 Bd4 46. axb4 axb4 47. Bc8 Nc5 48. Bxb4 Nxb3+ 49. Kd1 e3 50. Bg4 Bb6 51. Nc3 Bd4 52. Nd5 Nc5 53. Nf6+ Kg7 54. Bxc5 Bxc5 55. Nd7 Bd6 56. Ne5 e2+ 57. Bxe2 Bxe5 58. Bxd3 Bxf4 59. Ke2 Bxg5 60. Kf3 f5 61. Bc2 Kf6 62. Ba4 Bh6 63. Be8 Bf8 64. Ke3 g5 65. Kf3 g4+ 66. Kg3 Kg5 67. Ba4 f4+ 68. Kf2 f3 69. Kg3 Bd6+ 70. Kf2 Kf4 71. Bc6 g3+ 72. Kf1 g2+ 0-1

[Event "American Continental 03rd"]
[Site "Buenos Aires"]
[Date "2005.08.14"]
[Round "9"]
[White "Bermudez Barrera, Eduardo"]
[Black "Fedrizzi, Alan"]
[Result "1/2-1/2"]
[WhiteElo "2190"]
[BlackElo "2119"]
[PlyCount "104"]
[EventDate "2005.08.06"]
[EventType "swiss"]
[EventRounds "11"]
[EventCountry "ARG"]
[SourceTitle "CBM 107 Extra"]
[Source "ChessBase"]
[SourceDate "2005.09.01"]
[SourceVersion "1"]
[SourceVersionDate "2005.09.01"]
[SourceQuality "1"]

1. g3 e5 2. Bg2 Nc6 3. d3 d6 4. Nf3 g6 5. c4 Bg7 6. Nc3 h6 7. 0-0 Be6 8. Rb1 f5 9. e4 Nge7 10. b4 Qd7 11. b5 Nd8 12. Nd5 0-0 13. Nxe7+ Qxe7 14. Nh4 Kh7 15. exf5 gxf5 16. f4 a6 17. fxe5 dxe5 18. Nxf5 Bxf5 19. Rxf5 Rxf5 20. Be4 Qf6 21. Qh5 axb5 22. Bxf5+ Kg8 23. cxb5 Rxa2 24. Be3 Qf7 25. Bg6 Qd5 26. Be4 Qf7 27. Qxf7+ Nxf7 28. Bxb7 Ra3 29. Be4 Rc3 30. Bg6 Nd6 31. b6 cxb6 32. Rxb6 Bf8 33. Bd2 Rc2 34. Bb4 Rb2 35. Bc5 Rxb6 36. Bxb6 Kg7 37. Be4 Nc8 38. Be3 Ba3 39. Kg2 Nd6 40. Kf3 Nb5 41. Bd5 Bb2 42. Bc4 Nd6 43. Bb3 Nf5 44. Ba4 Nxe3 45. Kxe3 Kf6 46. h4 Bd4+ 47. Ke4 Bf2 48. Kf3 Be1 49. Kg4 Bf2 50. Bc6 Be1 51. Be4 Kg7 52. Kh3 Kf6 1/2-1/2